Normal view
MARC view
Entry Personal Name
001 - CONTROL NUMBER
- control field: 22023
003 - CONTROL NUMBER IDENTIFIER
- control field: OSt
005 - DATE AND TIME OF LATEST TRANSACTION
- control field: 20210209160102.0
008 - FIXED-LENGTH DATA ELEMENTS
- fixed length control field: 210209|| aca||aabn | a|a d
040 ## - CATALOGING SOURCE
- Original cataloging agency: OSt
- Transcribing agency: OSt
100 ## - HEADING--PERSONAL NAME
- Personal name: Stock, T. Thiede and B.C. Jensen, L
670 ## - SOURCE DATA FOUND
- Source citation: Work cat.: (OSt)514922: Stock, T. Thiede and B.C. Jensen, L , Race, residence, and underemployment: Fifty years in comparative perspective, 1968-2017
